000 00663nam a2200241Ia 4500
003 OSt
005 20220918222126.0
006 a|||||r|||| 00| 0
007 ta
008 220917b |||||||| |||| 00| 0 eng d
024 _a215,845
037 _cTextual
040 _aARTS
_cARTS
_beng
041 _2eng
_aeng
082 _aY:45N.1(Q7), P2-;1
100 _aHiro Dilip
245 0 _aWar without end
_b the rise of Islamist terrorism and global response
260 _aLondon
_bRoli Books
_c2002
300 _axxxiv,513p
_ccm.
650 _aSOCIOLOGY
942 _hY:45N.1(Q7), P2-;1
_cTEXL
_2CC
999 _c274669
_d274669